MARC

LEADER 00000nam0a2200000 4500
001 112743
005 20231031121552.0
010 |a 5060007324 
020 |a RU  |b 90-49508 
035 |a (RuTPU)RU\TPU\book\121901 
090 |a 112743 
100 |a 20070402d1990 m a0rusy5003 ca 
101 0 |a rus 
102 |a RU 
105 |a a j 001zy 
200 1 |a Системное программирование  |e учебное пособие  |f В. Ю. Дьяконов, В. А. Китов, И. А. Калинчев  |g под ред. А. Л. Горелика 
210 |a Москва  |c Высшая школа  |d 1990 
215 |a 220 с. 
320 |a Список литературы: с. 219. 
610 1 |a системное программирование 
610 1 |a учебные пособия 
610 1 |a архитектура 
610 1 |a ЭВМ 
610 1 |a операционные системы 
610 1 |a разработка 
610 1 |a сложные структуры 
610 1 |a программное обеспечение 
610 1 |a микропроцессоры 
675 |a 681.3.06(075.8)  |z rus 
700 1 |a Дьяконов  |b В. Ю.  |g Владимир Юрьевич 
701 1 |a Китов  |b В. А.  |g Владимир Анатольевич 
701 1 |a Калинчев  |b И. А.  |g Игорь Алексеевич 
702 1 |a Горелик  |b А. Л.  |4 340 
801 0 |a RU  |b RuMRKP  |c 19950417  |g psbo 
801 1 |a RU  |b 63413507  |c 20070402  |g PSBO 
801 2 |a RU  |b 63413507  |c 20210201  |g PSBO 
942 |c BK